|
|
|
|
| LEADER |
00000nam a2200000 a 4500 |
| 001 |
vtls001086362 |
| 003 |
SK-MaSNL |
| 005 |
20260302020216.0 |
| 008 |
250414s1987 xo 0 slo |
| 015 |
|
|
|a SNBA1987/12
|
| 035 |
|
|
|a SNK000029201
|
| 040 |
|
|
|a SNK
|b slo
|c SNK
|e AACR2
|
| 041 |
0 |
|
|a slo
|
| 044 |
|
|
|a xo
|c SK
|
| 080 |
|
|
|a 37(091)(075.8)
|2 1981
|
| 080 |
|
|
|a 377
|2 1981
|
| 080 |
|
|
|a 63(091)(075.8)
|2 1981
|
| 080 |
|
|
|a 63
|2 1981
|
| 080 |
|
|
|a 377(091)(075.8)
|2 1981
|
| 100 |
1 |
|
|a Kolenčík, Ladislav,
|d 1935-1997
|4 aut
|9 39509
|
| 245 |
1 |
0 |
|a Kapitoly z dejín pedagogiky a poľnohospodárskeho školstva
|c Ladislav Kolenčík
|
| 250 |
|
|
|a 2. vyd.
|
| 260 |
|
|
|a Bratislava
|b Príroda
|a S.l.
|b VŠP v Nitre [vyd.]
|c 1987
|e Nitra
|f Nitrianske tlačiarne
|
| 300 |
|
|
|a 135 s., 11,28 AH
|c 29 cm
|
| 366 |
|
|
|e 200 výtl.
|
| 500 |
|
|
|a Lit. 25. Schválil rektor VŠP v Nitre ako skriptá. 25 zázn. v slov., češ. a ruš.
|
| 852 |
|
|
|a Slovenská národná knižnica
|
| 954 |
|
|
|a školstvo poľnohospodárske
|a pedagogika
|
| 958 |
|
|
|a NB
|
| 958 |
|
|
|a OND
|
| 958 |
|
|
|a TL
|
| 958 |
|
|
|a UV
|
| 999 |
|
|
|c 1024239
|d 1026169
|
| 952 |
|
|
|t P60, <04>, [BOOK], {604}
|a SNK
|b SNK
|y VYP
|7 0
|p 17A0068874
|o snkSB 42453 D1
|0 0
|1 0
|4 0
|d 1997-05-30
|l 0
|r 2004-12-31 00:00:00
|w 2026-02-24
|
| 952 |
|
|
|a SNK
|b SNK
|y PREZ
|7 0
|p 17A0824126
|o snkSB 42453
|0 0
|1 0
|4 0
|d 2012-06-12
|f 1
|l 0
|r 2025-05-09 00:00:00
|w 2026-02-24
|